Cómo educar la inteligencia del preescolar: manual de actividades cognoscitivas

Saved in:
Bibliographic Details
Main Author: González Salazar, Judith del Carmen (Author)
Format: Book
Language:Spanish
Published: Ciudad de México Trillas 1992
Series:Serie Pedagogía para la primera infancia, 1
Subjects:
Tags: Add Tag
No Tags, Be the first to tag this record!

MARC

LEADER 00000nam a2200000 a 4500
001 UCW7739
003 CL-VaPUC
008 930817e19920000MX |||||||||||||||||spa|d
082 0 4 |a 372.21  |b GON  |2 21 
100 0 |a González Salazar, Judith del Carmen  |e author  |9 312938 
245 1 0 |a Cómo educar la inteligencia del preescolar: manual de actividades cognoscitivas 
300 |a 72 p 
942 |c BK 
945 |d 19930817 00:00:00 
260 |a Ciudad de México  |b Trillas  |c 1992 
650 0 |a Cognición   |9 270347 
650 0 |a Educación preescolar  |9 260381 
583 |a last modification  |c 19930817 00:00:00  |k Rodrigo Vera 
490 0 |a Serie Pedagogía para la primera infancia, 1 
999 |c 220404  |d 220402 
952 |0 0  |1 0  |4 0  |6 372_210000000000000_GON_1992  |7 0  |8 P  |9 212585  |a BIBEDU  |b BIBEDU  |c BIBEDU_PB  |d 2019-11-15  |i 2807874  |o 372.21 GON 1992  |p 2807874  |r 2024-01-25  |w 2019-11-15  |y BK  |k EDU